Statistiques concernant Pékin Express - Saison 14

Cliquez ici pour prendre le quiz!

Statistiques générales

  • Ce quiz a été pris 46 fois
  • Le résultat moyen est 25 sur 45

Statistiques - réponses

HintRéponse% Correct
Afrique
79%
Grèce
79%
Asie
74%
La tante et la nièce belgesCrisoula et Jenny
74%
Europe
74%
Turquie
74%
Le couple du NordAurore et Jonathan
69%
Mère et fille explosivesKaoutar et Nour
69%
Les copines parisiennesRose-Marie et Cinzia
69%
Le père chic et la fille chocChristophe et Claire
67%
Ouganda
64%
Les collègues catalansFlorent et Noël
62%
Ouganda
62%
Pékin Express : La route des 3 continents
62%
Les frères fêtardsPierre-Louis et Arnaud
62%
Émirats Arabes Unis (Dubaï)
54%
non
54%
non
54%
oui
54%
oui
54%
oui
54%
oui
54%
oui
54%
Étape 7Rose-Marie et Cinzia
54%
Étape 2Crisoula et Jenny
51%
Étape 4Kaoutar et Nour
51%
Rose-Marie et Cinzia
51%
Rose-Marie et Cinzia
51%
Étape 6Rose-Marie et Cinzia
51%
Étape 8Rose-Marie et Cinzia
51%
Le binôme d'inconnusSabine et Loïc
51%
Étape 2Aurore et Jonathan
49%
Étape 1Aurore et Jonathan
49%
Étape 3Crisoula et Jenny
49%
Éthiopie
49%
Étape 5Kaoutar et Nour
49%
Étape 4Christophe et Claire
46%
Christophe et Claire
46%
Pékin Express : Sur les pistes de la terre rouge
44%
Étape 6Pierre-Louis et Arnaud
44%
Étape 8Pierre-Louis et Arnaud
41%
Étape 1Sabine et Loïc
41%
Christophe et Claire
33%
Étape 3 - Crisoula et JennyNe pas parler
21%
Étape 5 - Kaoutar et NourTransporter un bol d'huile d'olive sans passer sous la limite
21%

Distribution des résultats

Percentile par nombre de réponses

% des personnes avec chaque résultat

Votre développement - résultats

Vous n’avez pas pris ce quiz